00680cam a22002178i 4500008004100000020002500041100002300066245006500089250001200154260008200166300003200248500002000280504003800300650002000338650001300358650002400371650004000395003000100435005001700436040000900453  a9781501315572 (pbk.)1 aBubonia, Janace E.10aApparel production terms and processes /cJanace E. Bubonia. a2nd ed. aNew York :bFairchild Books, an imprint of Bloomsbury Publishing Inc.,c2017. aix, 460 p. :bill. ;c27cm. aIncludes index. aIncludes bibliographic reference. 0aClothing trade. 0aFashion. 0aClothing factories. 0aDressmaking materialsvTerminology.20230123141117.0 cNUST